000
00200 a2200097 4500
001
1917
100
_a
Ginarlis, J
245
_a
Basic course in commerce
260
_a
_b
Harrap
_c
090
_c
1416
_d
1416
942
_a
NUST-CAE
_c
M
_c
4625
999
_c
236990
_d
236990